Datum a čas kvízu
28
Celkem bodů
Celkový počet nahraných bodů na tomto kvízu bez doplňovacích otázek.
5.
Pořadí na kvízu
Konečné umístění týmu na tomto kvízu.
Zaznamenané odpovědi
| # | Otázka | Odpověď | Body | Výsledky |
|---|---|---|---|---|
| 1. | Česká televize chtěla ve čtvrt... | Hamáčkův hlas zněl velmi hluboko. | 1 | |
| 2. | Rusko začalo distribuovat prvn... | Sputnik | 1 | |
| 3. | V úterý oslavila úctyhodné 10... | Meda Mládková | 1 | |
| 4. | Ve Francii se během celostátní... | rtěnka | 0 | |
| 5. | Jak se jmenuje zkušený hokejis... | Tomáš Plekanec | 1 | |
| 6. | Za celou historii udělování No... | Marie Curie-Skłodowská | 1 | |
| 7. | Pouze dvěma Čechům v historii... | Jaroslav Heyrovský, Jaroslav Seifert | 0.5 | |
| 8. | V roce 1954 obdržel Nobelovu c... | Ernest Hemingway, Stařec a moře | 0 | |
| 9. | Přiřaďte laureáty Nobelových c... | 1D 2A 3C 4B | 0 | |
| 10. | Vyberte nepravdivé tvrzení o p... | C | 0 |